01594nab a22002537a 4500003000400000005001700004008004100021040000700062100002000069245020800089260007300297300001200370500007500382505049100457505008900948650002901037650001501066650003001081650001401111650002401125650002701149650002801176773013601204OSt20260130223749.0190603e xxum|||| |||| 00| 0 spa d cPJ aGrondona, Paula13aLos activos y contenidos digitales ¿son transmisibles mortis causa? un análisis desde el derecho sucesorio : bel necesario marco regulatorio y la importancia de la planificación /cPaula Grondona.  cCiudad Autónoma de Buenos Aires :aThomson Reuters La Ley, b2025. ap. 5-17 aCita: TR LALEY AR/DOC/2934/2025 Publicado en: RCCyC 2025 (Diciembre). aSumario: I. Introducción.— II. Los activos y contenidos digitales.— III. La regulación de los derechos personalísimos de las personas luego de su fallecimiento en el Cód. Civ. y Com.— IV. Principales tensiones con relación a los contenidos digitales post mortem.— V. Ideas preliminares para un futuro marco regulatorio.— VI. La importancia de la planificación "digital" sobre los activos y contenidos digitales luego del fallecimiento.— VII. Palabras de cierre.  t¿Te interesa el texto completo? Solicitalo al correo: koha@justierradelfuego.gov.ar 0aCODIGO CIVIL Y COMERCIAL 0aSUCESIONES 0aDERECHOS PERSONALÍSIMOS 0aHEREDEROS 0aDERECHO A LA IMAGEN 0aDERECHO A LA INTIMIDAD 0aINTELIGENCIA ARTIFICIAL0 02713dCiudad Autónoma de Buenos Aires : Thomson Reuters La Ley, 2015-tRevista Código Civil y Comercial. Nº 6 - Diciembre 2025